[Event "Athens Smaok op"]
[Site "Athens"]
[Date "2010.10.14"]
[Round "3.8"]
[White "Petridis, Evagelos"]
[Black "Kahrimanis, Spyridon"]
[Result "1-0"]
[WhiteElo "1818"]
[BlackElo "1682"]
[PlyCount "47"]
[EventDate "2010.09.30"]
[EventType "swiss"]
[EventRounds "7"]
[EventCountry "GRE"]
[SourceTitle "EXT 2024"]
[Source "ChessBase"]
[SourceDate "2023.10.10"]
[SourceVersion "1"]
[SourceVersionDate "2023.10.10"]
[SourceQuality "1"]

1. d4 d5 2. c4 c6 3. Nc3 e6 4. Nf3 Nf6 5. e3 Nbd7 6. Bd3 dxc4 7. Bxc4 b5 8. Bd3 Bb7 9. 0-0 Be7 10. Re1 a6 11. e4 c5 12. e5 Nd5 13. Ne4 cxd4 14. Bg5 f6 15. Nxd4 Qb6 16. exf6 Qxd4 17. fxe7 Qb6 18. Qh5+ g6 19. Qh4 Rc8 20. Nd6+ Qxd6 21. Bxg6+ hxg6 22. Qxh8+ Kf7 23. Qh7+ Ke8 24. Qxg6# 1-0